Analýza kapitálovej štruktúry podniku a možnosti jej optimalizácie bakalárska práca

Saved in:
Bibliographic Details
Main Author: Uherčíková, Natália
Corporate Author: Fakulta podnikového manažmentu EU. Katedra podnikových financií
Other Authors: Kozáková, Mária, 1991-
Format: Book
Language:Slovak
Published: Bratislava 2018
Tags: Add Tag
No Tags, Be the first to tag this record!

MARC

LEADER 00000nbm a2200000 4500
001 0244807
005 20180927103759.6
041 0 |a slo 
044 |a SK 
245 1 0 |a Analýza kapitálovej štruktúry podniku a možnosti jej optimalizácie  |b bakalárska práca  |c Natália Uherčíková ; školiteľ: Mária Kozáková 
264 1 |a Bratislava  |c 2018 
300 |a 42 s. 
100 1 |a Uherčíková, Natália 
700 1 |a Kozáková, Mária, 1991- 
710 2 |a Fakulta podnikového manažmentu EU. Katedra podnikových financií